00541nam a2200181 a 450000100060000000300090000600800410001504000280005608200090008410000170009324500350011026000430014530000080018849000230019650500880021965000230030765000290033022585CO-ViMGA141112s2004 ck r 000 u spa d aCO-ViMGAbspacCO-ViMGA04aBERa1 aBerocay, Roy10aLas aventuras del sapo ruperto aBogotá : bAlfagura Infantil, c1999 a118 aAlfaguara infantil aLos bichos de la luz 9 - - El primer sapo especial 55 - - El gran pescado azul 91 14aCUENTOS INFANTILES14aSAPOS CUENTOS INFANTILES